000 00318nam a2200121Ia 4500
008 231228s1990 xx 000 0 und d
041 _aeng
082 _a4
_bRAJ
100 _aRAJARAMAN (Dharma)/ RAJARAMAN (V)
245 _aComputer Primer
260 _aLondon
_bHarlow, Addision Wesley -
_c1990
300 _avii, 420
999 _c1082849
_d1082849